000 00489nmm a2200169Ia 4500
008 251105s9999||||xx |||||||||||||||||und||
020 _a9786123172435
041 _aspa
100 _aFernández Arce, César
245 0 _aDerecho de sucesiones
264 _a[Lima, Peru] :
_bPontificia Universidad Católica de Perú,
_c2017
300 _a230 páginas
490 _aLo esencial del derecho
650 _aLaw
856 _uhttps://public.digitaliapublishing.com/a/51227
942 _cCF
999 _c76001
_d76001